1540 1275 1696 1801 1774 1987 1641 1216 1316 1347 1627 1107 1484 1813 1637 1023 1749 1987 1524 1798 1197 1360 1434 1597 1768 1072 1073 1848 1928 1184 1413 1742 1506 1608 1515 1328 1189 1551 1264 1372 1092 1426 1624 1722 1936 1116 1113 1511 1587 1649 1524 1814 1665 1335 1513 1962 1152 1770 1662 1328 1397 1946 1303 1129 1575 1992 1756 1811 1170 1350 1855 1287 1699 1784 1549 1957 1557 1457 1358 1751 1366 1031 1547 1542 1989 1400 1203 1851 1746 1262 1747 1241 1120 1163 1285 1411 1656 1774 1285 BCNSPRNW ULIB Ver.6.0+V

เปลี่ยนเป็นภาษาไทย

Change to English
 แสดงรายละเอียดบรรณานุกรม
  กลับหน้าหลัก

Brief Record : Get Marc (ISO 2709) : E-mail record : QR code < ปิดหน้าต่าง
LEADER : 00000nam 2200000uu 4500
001    13399126358
003     ULIB
008    180911s2558||||th 000 0 tha d
020    ^a9786165128933
050 04 ^aSB449^bณ116ง
100 0  ^aณภัทร ทองแย้ม
245 10 ^aงานฝีมือสุดคุ้ม ชุด การจัดดอกไม้ 2 / ^cณภัทร ทองแย้ม, สุพัสดา ศรีอุดร และสมัย ศรีอุดร
260    ^aกรุงเทพฯ : ^bวาดศิลป์, ^c2558
300    ^a64 หน้า :^bภาพประกอบสี ; ^c25 ซม.
650  4 ^aการจัดการดอกไม้.
700 0  ^aสุพัสดา ศรีอุดร, ^eผู้แต่งร่วม
700 0  ^aสมัย ศรีอุดร, ^eผู้แต่งร่วม
945    ^p150^l0^i004591
999    ^aประนอม เกษจรัล
รายการนี้ยังไม่มีแท็ก
คุณยังไม่ได้ล็อกอิน คุณสามารถมีกิจกรรมร่วมกับเว็บไซต์ได้ แต่ต้องล็อกอินก่อน ::
  ล็อกอิน

รายการสื่อสารสนเทศ

ลำดับที่ ประเภท เลขเรียก/บาร์โค้ด สถานที่ สถานะ
1. การศึกษาทั่วไป
หนังสือสำรอง
สถานะ=หนังสือสำรอง
SB449 ณ116ง ฉ.1 
  Barcode: 004591
ห้องสมุดวิทยาเขตสวรรค์ประชารักษ์
►หนังสือทั่วไป
บนชั้น

รายการใกล้เคียง
    ผู้แต่ง [ณภัทร ทองแย้ม]

    หัวเรื่อง [การจัดการดอกไม้.]

BibComment


ยังไม่เคยถูกคอมเมนท์

คอมเมนท์ทรัพยากรรายการนี้
  คอมเมนท์: งานฝีมือสุดคุ้ม ..


 Copyright 2026. Bcnsprnw @Library